000 00920cam a22002893a 4500
001 2484
003 PGUSA
005 20140828083015.0
008 010101s2001||||xxu|||||s|||||000 | eng d
040 _aPGUSA
_beng
042 _adc
050 4 _aCT
050 4 _aDE
050 4 _aPZ
100 1 _aPlutarch,
_d46-119
245 1 4 _aThe Boys' and Girls' Plutarch :
_bBeing Parts of the "Lives" of Plutarch, Edited for Boys and Girls
_h[electronic resource] /
_cPlutarch
260 _bProject Gutenberg,
_c2001
500 _aUniform title: Lives. English. Selections
506 _aPublic domain in the USA.
516 _aElectronic text
653 _aGreece -- Biography -- Juvenile literature
653 _aRome -- Biography -- Juvenile literature
700 1 _aWhite, John S.
_q(John Stuart),
_d1847-1922
830 0 _aProject Gutenberg
_v2484
856 4 0 _uhttp://www.gutenberg.org/ebooks/2484
942 _cEB
999 _c231821
_d231821